01481nam a22002775i 4500001000700000003000900007005001700016008004100033040002000074080002100094100003200115245014900147260007900296300002100375490011700396500009200513594006700605596003700672700003800709700004400747700003900791830013300830852010000963999001901063952012101082157645ES-MaACL20251003185627.0040906s1843 sp |||| | spa d aCAM bspa cCAM a821.133.1-23"18"1 aLeuven, Adolphe de.913802610aCaer en el garlito b: comedia en tres actos / cescrita en francés por Leuven y Brunswick; traducida al español por I. Gil y A.M. de Ojeda. aMadrid : b[s.n., cs.a.] (fImprenta de Joaquín Merás y Compañía) a27 p. ; c26 cm.1 aMuseo dramático ó Colección de comedias del teatro extranjero representadas en los principales de la corte aRepresentada por primera vez en el teatro del Príncipe el día 3 de septiembre 1843. aTit. y mención de responsabilidad tomados de la primera pag. aPie de imp. consta en colofón.1 aBrunswick, Léon-Lévy.91380301 aGil y Baus, Isidoro, d1814-18669567361 aOjeda, Antonio María de.914948600aMuseo dramático ó Colección de comedias del teatro estranjero representadas en los principales teatros de la corte9242030 aES-MaACLjF-7489(15) z-- Enc. hol. q-- Falto de la cub. originalz-- Enc. en un vol. facticio c157645d157645 00104070aATENEOMbATENEOMcDEPO2d2008-01-17l0oF-7489(15)p1164971r2023-02-23 00:00:00w2023-02-23yMONOGRAFIA